000 00343nam a2200157Ia 4500
003 OSt
008 191201s2012 xx 000 0 und d
082 _a658.45
_bLEB
100 _aLESIKAR, Raymond
245 0 _aBusiness Communication
250 _aRep
260 _aNew Delhi
_bTMH
_c2012
300 _a737
650 _aBBA
942 _2ddc
_cBK
999 _c5926
_d5926